000 00232nam a2200097Ia 4500
008 230915s9999 xx 000 0 und d
050 _aKD 1715 P34 2007 1
100 _aHAPGOOD,MARK
245 0 _aPAGETS LAW OF BANKING
942 _cBK
999 _c162656
_d162656